Svetová konferencia cestovného ruchu v Osake

Osacká deklarácia cestovného ruchu. Rast a význam medzinárodného cestovného ruchu. Vývoj priemyslu cestovného ruchu. Vplyv medzinárodného cestovného ruchu na spoločnosť a životné prostredie. Úloha vlád a medzinárodných organizácií v oblasti cestovného ruchu.

Na minha lista:
Detalhes bibliográficos
Formato: Capítulo de Livro
Idioma:eslovaco
Assuntos:
Tags: Adicionar Tag
Sem tags, seja o primeiro a adicionar uma tag!

MARC

LEADER 00000naa a2200000 4500
001 r017157
005 20221213095449.4
041 0 |a slo 
044 |a SK 
245 1 0 |a Svetová konferencia cestovného ruchu v Osake 
520 |a Osacká deklarácia cestovného ruchu. Rast a význam medzinárodného cestovného ruchu. Vývoj priemyslu cestovného ruchu. Vplyv medzinárodného cestovného ruchu na spoločnosť a životné prostredie. Úloha vlád a medzinárodných organizácií v oblasti cestovného ruchu. 
610 2 0 |a konferencie 
610 2 0 |a Osaka 
610 2 0 |a deklarácia 
610 2 0 |a 1994 
610 2 0 |a ruch cestovný 
610 2 0 |a ruch cestovný medzinárodný 
610 2 0 |a veľtrhy 
610 2 0 |a prostredie životné 
610 2 0 |a vláda 
610 2 0 |a spoločnosť 
610 2 0 |a organizácie medzinárodné 
610 2 0 |a WTO